000
00308nam a22001337a 4500
008
171011b xxu||||| |||| 00| 0 eng d
020
_a
0534199563
041
_a
eng
080
_2
4 ED
_a
316
100
_a
50
101
_a
SOC
245
_a
DIRECT SOCIAL WORK PRACTICE
_c
LARSEN.A
942
_2
udc
_c
BK
999
_c
33036
_d
33036